| 000 | 00692nam a2200217 a 4500 | ||
|---|---|---|---|
| 005 | 20160107111747.0 | ||
| 008 | 140219b1993 fr ao fr|||| 00| 0 fre d | ||
| 040 |
_aCO-BoIAVH _cCO-BoIAVH |
||
| 041 | 0 | _afre | |
| 044 | _afr | ||
| 082 | 0 | 4 |
_a333.79 _bA23a |
| 110 | 2 | _bAgence de L'environnement et de la Maitrise de L'energie | |
| 245 | 1 |
_aADEME : _bAgence de l'Environnement et de la Maitrise de l'Energie |
|
| 260 |
_aParís: _bADEME, _c1993. |
||
| 300 |
_a16 páginas; _bIlustraciones, fotografías _c30 x 21 cm. |
||
| 650 | 6 | _aInstitutos de Investigación | |
| 650 | 6 | _aEnergía | |
| 650 | 6 | _aDesarrollo institucional | |
| 662 | _aFrancia | ||
| 942 |
_cLIBRO _2ddc |
||
| 999 |
_c163 _d163 |
||